Bankový odvod a jeho historický kontext na Slovensku

Cieľom príspevku je objasnenie dôvodov, ktoré viedli k zavedeniu legislatívnej úpravy osobitného odvodu vybraných inštitúcií. Skúmanie historického kontextu.

Salvato in:
Dettagli Bibliografici
Autore principale: Kadlečíková, Oľga, 1973-
Natura: Capitolo di libro
Lingua:slovacco
Soggetti:
Tags: Aggiungi Tag
Nessun Tag, puoi essere il primo ad aggiungerne!!

MARC

LEADER 00000naa$a2200000$$$4500
001 0280330
005 20240502074341.9
041 0 |a slo 
044 |a SK 
245 1 0 |a Bankový odvod a jeho historický kontext na Slovensku  |c Oľga Kadlečíková 
520 |a Cieľom príspevku je objasnenie dôvodov, ktoré viedli k zavedeniu legislatívnej úpravy osobitného odvodu vybraných inštitúcií. Skúmanie historického kontextu. 
610 2 0 |a odvody 
610 2 0 |a banky 
610 2 0 |a legislatíva 
610 2 0 |a história 
610 2 0 |a Slovensko 
100 1 |a Kadlečíková, Oľga, 1973-